000 00356nam a2200121 4500
999 _c14059
_d14059
008 190731b ||||| |||| 00| 0 eng d
100 _939062
_aYap, Tara
245 _aCollege graduate proud of his Mangyan roots/
_cTara Yap
260 _aPhilippines:
_bManila Bulletin;
_cc2019.
300 _apage 12.
650 0 _939063
_aNative peoples.
942 _2ddc
_cPER